Größte Orte in Bayern mit Anfangsbuchstaben B - Statistiken

Allgemein
  • Dieses Quiz wurde 43 mal gespielt
  • Das Durchschnittsergebnis liegt bei 3 aus 14
Antwortstatistiken
Einwohnerzahl Tipp Ort % Korrekt
61.700 Oberfranken Bamberg
100%
56.900 Oberfranken Bayreuth
94%
9.500 Unterfranken Bad Kissingen
26%
11.600 Berchtesgadener Land Bad Reichenhall
26%
15.700 Altötting Burghausen
15%
9.100 Schwandorf Burglengenfeld
9%
9.200 Rosenheim Bad Aibling
6%
8.250 Erlangen Bruck
6%
11.400 Erlangen Büchenbach
6%
7.400 Ostallgäu Buchloe
6%
8.800 Neustadt a.d. Aisch Bad Windsheim
3%
9.400 Unterallgäu Bad Wörishofen
3%
11.400 Augsburg Bobingen
3%
8.300 Ebersberg Baldham
0%
Keine übereinstimmenden Quizze gefunden
Verteilung der Resultate
Anzahl Personen mit jedem Resultat
Perzentil nach korrekt beantworteten Fragen
Ihre Resultats-Entwicklung
Sie haben dieses Quiz noch nicht gespielt